000 00671nam a2200253Ia 4500
003 OSt
005 20221006160848.0
006 a|||||r|||| 00| 0
007 ta
008 221006b |||||||| |||| 00| 0 eng d
020 _a9788970419954
_cW 23, 000
024 _a46,637
037 _cTextual
040 _aEASL
_cEASL
_beng
041 _2eng
_aeng
082 _aN495v, P9
100 _aO-YOUNG Lee
_9675280
245 0 _aKorea style
_b 64 objects of seeing Korea
260 _aSeoul
_bDesign House Publishers Korea
_c2009
300 _a296p.
_ccm.
490 _v KEL
942 _hN495v, P9
_cTEXL
_2CC
999 _c1114727
_d1114727